000
00282nam a22001217a 4500
008
171207b xxu||||| |||| 00| 0 eng d
041
_a
eng
080
_a
347.67
100
_a
26
101
_a
JUR
245
_a
RESTATEMENT OF THE LAW
_c
THE AMERICAN LAW INSTITUTE
942
_2
udc
_c
BK
999
_c
38808
_d
38808